[Event "Lancaran op-B"]
[Site "Lancaran"]
[Date "2025.07.12"]
[Round "8"]
[White "Baghirov, Ibrahim"]
[Black "Rzazade, Hamza"]
[Result "0-1"]
[WhiteElo "1650"]
[BlackElo "1753"]
[PlyCount "86"]
[EventDate "2025.07.07"]
[EventType "swiss"]
[EventRounds "9"]
[EventCountry "AZE"]
[SourceTitle "CB29_2025"]
[SourceDate "2025.07.16"]
[SourceVersion "1"]
[SourceVersionDate "2025.07.16"]
[SourceQuality "1"]

1. Nf3 Nf6 2. d4 c5 3. e3 d5 4. Be2 Nc6 5. 0-0 g6 6. c3 Bg7 7. Nbd2 0-0 8. dxc5 a5 9. Nd4 e5 10. Nxc6 bxc6 11. Qa4 Bb7 12. Qc2 a4 13. e4 Nd7 14. b4 axb3 15. Nxb3 f5 16. exd5 cxd5 17. Bb5 Qc7 18. a4 Bc6 19. Ba3 Rfb8 20. Rfd1 Kh8 21. Qe2 Rxa4 22. Bxa4 Bxa4 23. Rdb1 Bxb3 24. Qe3 f4 25. Qh3 Nxc5 26. Bb4 e4 27. Ra5 Nd3 28. Rxb3 Nxb4 29. Ra1 Nd3 30. Rxb8+ Qxb8 31. Qe6 Bxc3 32. Rf1 Nxf2 33. Qxd5 Qb6 34. Qa8+ Kg7 35. Qa2 f3 36. gxf3 exf3 37. Rxf2 Bd4 38. Kf1 Bxf2 39. Qxf2 Qb1+ 40. Qe1 Qxe1+ 41. Kxe1 g5 42. Kf2 g4 43. Kg3 h5 0-1

[Event "Lancaran op-B"]
[Site "Lancaran"]
[Date "2025.07.11"]
[Round "6"]
[White "Baghirov, Ibrahim"]
[Black "Bunyadov, Tamerlan1"]
[Result "1-0"]
[WhiteElo "1650"]
[BlackElo "1804"]
[PlyCount "90"]
[EventDate "2025.07.07"]
[EventType "swiss"]
[EventRounds "9"]
[EventCountry "AZE"]
[SourceTitle "CB29_2025"]
[SourceDate "2025.07.16"]
[SourceVersion "1"]
[SourceVersionDate "2025.07.16"]
[SourceQuality "1"]

1. b4 a5 2. b5 c6 3. Nc3 g6 4. Rb1 a4 5. Bb2 Bg7 6. Nf3 d5 7. e3 Nf6 8. Be2 Nbd7 9. 0-0 0-0 10. d4 Re8 11. Ba1 Qc7 12. Rb4 a3 13. Rb3 e6 14. Qc1 Bf8 15. Nb1 Qa5 16. c4 dxc4 17. Bxc4 Nb6 18. Bd3 Bd7 19. Bc3 Qa7 20. e4 Rec8 21. Qg5 Be7 22. Qh6 Bf8 23. Qe3 cxb5 24. Bxb5 Bxb5 25. Rxb5 Nc4 26. Qd3 Qa6 27. Rb3 Ne8 28. Nbd2 Ned6 29. Nxc4 Qxc4 30. Qe3 Qc6 31. d5 Qc5 32. Bd4 Qc7 33. Be5 Qd7 34. Rd1 Nc4 35. Qg5 Nxe5 36. Nxe5 Qc7 37. dxe6 fxe6 38. Nd7 Rd8 39. Nf6+ Kg7 40. Rdb1 Be7 41. e5 Rab8 42. Rh3 Rh8 43. Qh6+ Kf7 44. Rf3 Qxe5 45. Nd7+ Ke8 1-0

[Event "Mersin op 5th"]
[Site "Mersin"]
[Date "2021.11.16"]
[Round "1"]
[White "Dogu, Hasim"]
[Black "Baghirov, Ibrahim"]
[Result "1/2-1/2"]
[WhiteElo "1858"]
[BlackElo "1399"]
[PlyCount "78"]
[EventDate "2021.11.16"]
[EventType "swiss"]
[EventRounds "9"]
[EventCountry "TUR"]
[SourceTitle "EXT 2023"]
[Source "ChessBase"]
[SourceDate "2022.10.05"]
[SourceVersion "1"]
[SourceVersionDate "2022.10.05"]
[SourceQuality "1"]

1. d4 Nf6 2. c4 e6 3. Nc3 d5 4. Nf3 c6 5. e3 Bd6 6. Bd3 Nbd7 7. 0-0 0-0 8. e4 dxe4 9. Nxe4 Nxe4 10. Bxe4 Nf6 11. Bc2 h6 12. a3 Qc7 13. Re1 Rd8 14. Qe2 b6 15. b4 a5 16. Bd2 axb4 17. axb4 Bb7 18. h3 Rxa1 19. Rxa1 Ra8 20. Rxa8+ Bxa8 21. Qd3 b5 22. c5 Bf4 23. Qa3 Bb7 24. Be1 Qb8 25. g3 Bc7 26. Kg2 Qa8 27. Qd3 Qa2 28. Bd2 Qc4 29. Qa3 Qxc2 30. Qa7 Ne4 31. Qxb7 Bxg3 32. Qxc6 Bxf2 33. Qe8+ Kh7 34. Qxf7 Be3 35. Qxe6 Bxd2 36. Qf5+ Kg8 37. Qc8+ Kh7 38. Qf5+ Kg8 39. Qc8+ Kf7 1/2-1/2